| 000 | 00602 a2200181 4500 | ||
|---|---|---|---|
| 999 |
_c4934 _d4934 |
||
| 010 | _aENG-86669 | ||
| 020 |
_c510.00 _a8125030816 |
||
| 035 | _aEN-70202 | ||
| 037 | _bDBAD / PUB | ||
| 082 | 1 | 4 | _a320.58 |
| 100 | 1 | _aLatour Bruno | |
| 245 | 1 |
_aPolitics of nature : _cby Bruno Latour _bhow to bring the sciences into democracy / |
|
| 260 |
_aChennai _bOrient Longman _c2004 |
||
| 270 |
_a160 Anna Salai _bChennai _e600 002 _mchegeneral@orientlongman.com |
||
| 300 |
_ax,307 p _c22 cm (Pbk) |
||
| 500 | _aIncludes bibliographical refrences and index | ||
| 942 |
_adpl _cEN _2ddc _h320.58 _mLAT |
||